000 00827nam a2200265 i 4500
001 000043989
003 DO-SdBNP
005 20250918110150.0
007 ta
008 140401s2004 dr r 000 0 spa d
040 _aDO-SdBNP
_bspa
_cBNPHU
_erda
041 _aspa
082 4 _axxx
_bA561h 2004
_222
100 1 _aAndrés, Mateo,
_eautor
_qMateo André, s.j.
_4aut.
_97205
245 1 3 _aEl hombre como pensador :
_bbreve introducción a la filosofía /
_cMateo André.
250 _aUndécima edición
264 4 _aSanto Domingo :
_bEdiciones MSC,
_c©2004.
300 _a155 páginas ;
_c22 cm.
336 _atexto
_btxt
_2rdacontent
337 _asin mediación
_bn
_2rdamedia
338 _avolumen
_bnc
_2rdacarrier
490 1 _aColección Pensamiento y Vida
_v1
590 _aInventariado, 2025/BT
942 _2ddc
_cLBS1
999 _c43478
_d43478